000 00387nam a2200169Ia 4500
008 230711s9999||||xx |||||||||||||| ||und||
020 _a0-330-49327-2
041 _aENG
082 _a800
_bJA-C
100 _aJha,Raj Kamal
245 0 _aIf you are afraid of heights
250 _a1st . Ed.
260 _c1994
_aLondon
_bPicador
300 _a151
650 _aLiterature
942 _cBK
999 _c5302
_d5302